[Event "ch-CHN 2016"]
[Site "Xinghua CHN"]
[Date "2016.04.21"]
[Round "5.3"]
[White "Wei Yi"]
[Black "Zhao Jun"]
[Result "1-0"]
[WhiteElo "2700"]
[BlackElo "2634"]

1.c4 Nf6 2.Nc3 g6 3.d4 Bg7 4.e4 d6 5.h3 O-O 6.Nf3 c6 7.Be3 Na6 8.Rc1 Qa5
9.Nd2 e5 10.d5 Nc5 11.a3 cxd5 12.exd5 Qd8 13.b4 Ncd7 14.c5 Nh5 15.c6 bxc6
16.dxc6 Ndf6 17.Nde4 Nxe4 18.Nxe4 d5 19.c7 Qd7 20.Bc5 dxe4 21.Bxf8 Kxf8 22.Qxd7 Bxd7
23.Ba6 Nf4 24.O-O Rc8 25.Rfd1 Nd3 26.Bxc8 Bxc8 27.Rc5 Ke7 28.Rd5 Bd7 29.Rd2 Ke6
30.Ra5 Bh6 31.Rc2 Bc8 32.Rxa7 e3 33.Ra8 Kd7 34.Kf1 exf2 35.Ra5 Kd6 36.Ra8 Kd7
37.Ra5 Kd6 38.b5 Be3 39.Ra6+ Ke7 40.Rac6 e4 41.b6 Nf4 42.b7 Bxb7 43.c8=Q Bxc8
44.Rxc8 Nh5 45.Rxf2 Ng3+ 46.Ke1 Bxf2+ 47.Kxf2 Nf5 48.a4 Kd7 49.Rc1  1-0

[Event "ch-CHN 2016"]
[Site "Xinghua CHN"]
[Date "2016.04.22"]
[Round "6.5"]
[White "Lu Shanglei"]
[Black "Wei Yi"]
[Result "1/2-1/2"]
[WhiteElo "2619"]
[BlackElo "2700"]

1.e4 e5 2.Nf3 Nc6 3.Bb5 a6 4.Ba4 Nf6 5.O-O Nxe4 6.d4 b5 7.Bb3 d5 8.dxe5 Be6
9.Qe2 Be7 10.Rd1 O-O 11.c4 bxc4 12.Bxc4 Bc5 13.Be3 Bxe3 14.Qxe3 Qb8 15.Bb3 Na5
16.Nbd2 Qa7 17.Qxa7 Rxa7 18.Nxe4 Nxb3 19.axb3 dxe4 20.Nd4 Rb7 21.Rxa6 Bxb3
22.Nxb3 Rxb3 23.Rc6 Rb5 24.Rxc7 Rxe5 25.g3 Rb5 26.Re7 Rxb2 27.Rxe4 Rbb8 28.Kg2 Rbd8
29.Red4 Rxd4 30.Rxd4 g6  1/2-1/2

[Event "ch-CHN 2016"]
[Site "Xinghua CHN"]
[Date "2016.04.24"]
[Round "7.2"]
[White "Wei Yi"]
[Black "Wang Chen"]
[Result "1-0"]
[WhiteElo "2700"]
[BlackElo "2514"]

1.e4 c5 2.Nf3 e6 3.Nc3 Nc6 4.d4 cxd4 5.Nxd4 Qc7 6.Be2 a6 7.O-O Nf6 8.Be3 Be7
9.f4 d6 10.Kh1 O-O 11.Qe1 Bd7 12.Qg3 Nxd4 13.Bxd4 Bc6 14.Rae1 b5 15.a3 Rae8
16.Bf3 Rd8 17.Re3 Qb7 18.Rfe1 g6 19.Qh3 Rfe8 20.Qh6 Bf8 21.Qg5 Nd7 22.Nd5 Qb8
23.Nf6+ Nxf6 24.Bxf6 Rc8 25.Bg4 Ba8 26.Rh3 Rc5 27.Qh4 h5 28.b4  1-0

[Event "ch-CHN 2016"]
[Site "Xinghua CHN"]
[Date "2016.04.25"]
[Round "8.6"]
[White "Xu Jun"]
[Black "Wei Yi"]
[Result "1/2-1/2"]
[WhiteElo "2527"]
[BlackElo "2700"]

1.Nf3 d5 2.d4 Nf6 3.c4 c6 4.e3 e6 5.Bd3 dxc4 6.Bxc4 Nbd7 7.O-O Bd6 8.Nc3 O-O
9.e4 e5 10.Bg5 Qe7 11.d5 Nb6 12.Bb3 h6 13.Bh4 cxd5 14.exd5 Bf5 15.Re1 Nbd7
16.Nd4 Bg6 17.Bc2 Qd8 18.Ndb5 Bxc2 19.Qxc2 Qb6 20.Nxd6 Qxd6 21.Rad1 a6 22.a4 Rac8
23.Qb3 b6 24.h3 Rc7 25.Bxf6 Nxf6 26.Ne4 Nxe4 27.Rxe4 Rfc8 28.Qe3 f6 29.f4 exf4
30.Qxf4 Qxf4 31.Rxf4 Rc1  1/2-1/2

[Event "ch-CHN 2016"]
[Site "Xinghua CHN"]
[Date "2016.04.26"]
[Round "9.1"]
[White "Wei Yi"]
[Black "Zhou Weiqi"]
[Result "1/2-1/2"]
[WhiteElo "2700"]
[BlackElo "2635"]

1.c4 e6 2.Nc3 d5 3.d4 Nf6 4.Nf3 c5 5.Bf4 cxd4 6.Nxd4 Nc6 7.e3 Bb4 8.Be2 dxc4
9.Nxc6 Qxd1+ 10.Rxd1 bxc6 11.Bxc4 Nd5 12.O-O Bxc3 13.bxc3 Nxf4 14.exf4 Ke7
15.Rfe1 Rb8 16.f5 Rd8 17.Rxd8 Kxd8 18.fxe6 Bxe6 19.Bxe6 fxe6 20.h4 Ke7 21.Re4 Rb1+
22.Kh2 Rb2 23.Ra4 Rxf2 24.Rxa7+ Kf6 25.Rc7 Rxa2 26.Rxc6 h5 27.Kg3 Kf5 28.Rc7 g6
29.Rf7+ Ke5 30.Rg7 Kf5 31.Rf7+  1/2-1/2

[Event "ch-CHN 2016"]
[Site "Xinghua CHN"]
[Date "2016.04.27"]
[Round "10.6"]
[White "Wei Yi"]
[Black "Gao Rui"]
[Result "1/2-1/2"]
[WhiteElo "2700"]
[BlackElo "2552"]

1.d4 d5 2.c4 c6 3.Nf3 Nf6 4.Nc3 e6 5.e3 Nbd7 6.Qc2 Bd6 7.Bd3 O-O 8.O-O e5
9.cxd5 cxd5 10.e4 exd4 11.Nxd5 Nxd5 12.exd5 h6 13.Nxd4 Qh4 14.Nf3 Qh5 15.Bh7+ Kh8
16.Qf5 Qxf5 17.Bxf5 Nf6 18.Bxc8 Rfxc8 19.Rd1 Rd8 20.Be3 Be7 21.d6 Rxd6 22.Rxd6 Bxd6
23.Bd4 Ne4 24.g3 b6 25.Kg2 Rc8 26.Re1 Nc5 27.Rd1 Ne4 28.Re1 Nc5 29.Rd1 Ne4
30.Re1 Nc5 31.Rd1 Ne4 32.Re1  1/2-1/2

[Event "ch-CHN 2016"]
[Site "Xinghua CHN"]
[Date "2016.04.28"]
[Round "11.2"]
[White "Wen Yang"]
[Black "Wei Yi"]
[Result "1/2-1/2"]
[WhiteElo "2614"]
[BlackElo "2700"]

1.d4 Nf6 2.Nf3 g6 3.g3 Bg7 4.Bg2 d5 5.O-O O-O 6.c3 Nbd7 7.Bf4 c5 8.dxc5 Nxc5
9.Qc1 b6 10.h3 Bb7 11.Nbd2 Rc8 12.Nb3 e6 13.Bh6 Qe7 14.Bxg7 Kxg7 15.Qe3 a5
16.Rac1 Rfd8 17.Rfd1 Nfe4 18.Nfd2 Nf6 19.Nf3 Nfe4 20.Nfd2 Nd6 21.Nd4 Qf6
22.N4f3 Qe7 23.Nd4 Qf6 24.N4f3 Ba6 25.Bf1 Qe7 26.Nd4 Qf6 27.N4f3 Qe7 28.Nd4 Qf6
29.N4f3 Nf5 30.Qf4 Nd6 31.Qe3 Nf5  1/2-1/2

[Event "15th Asian Continental"]
[Site "Tashkent UZB"]
[Date "2016.05.26"]
[Round "1.3"]
[White "Wei Yi"]
[Black "Alikulov,Elbek"]
[Result "1-0"]
[WhiteElo "2694"]
[BlackElo "2375"]

1.e4 c5 2.Nf3 d6 3.d4 cxd4 4.Nxd4 Nf6 5.Nc3 a6 6.Be3 e5 7.Nb3 Be6 8.f3 Be7
9.Qd2 O-O 10.O-O-O a5 11.a4 Nc6 12.g4 Nb4 13.Kb1 Rc8 14.g5 Nh5 15.Rg1 f5
16.gxf6 Rxf6 17.Bg5 Rxf3 18.Bxe7 Qxe7 19.Qxd6 Qxd6 20.Rxd6 Bxb3 21.cxb3 Nf6
22.Bc4+ Kf8 23.Rb6 Rc7 24.Rd1 g5 25.Nb5 Re7 26.Rd8+ Kg7 27.Nd6 Nc6 28.Rc8 Nd4
29.Rb8 g4 30.R6xb7 Rxb7 31.Rxb7+ Kg6 32.b4 Rf2 33.bxa5 Rxh2 34.Nf5 Nxf5 35.exf5+ Kxf5
36.a6 g3 37.a7 Rh4 38.a8=Q  1-0

[Event "15th Asian Continental"]
[Site "Tashkent UZB"]
[Date "2016.05.27"]
[Round "2.3"]
[White "Karthikeyan,M2"]
[Black "Wei Yi"]
[Result "0-1"]
[WhiteElo "2518"]
[BlackElo "2694"]

1.e4 e5 2.Nf3 Nc6 3.Bb5 a6 4.Ba4 Nf6 5.O-O Be7 6.Qe2 b5 7.Bb3 O-O 8.d4 Nxd4
9.Nxd4 exd4 10.e5 Ne8 11.c3 c5 12.cxd4 c4 13.Qf3 Nc7 14.Bc2 d5 15.exd6 Bxd6
16.Nc3 Qh4 17.g3 Qg4 18.Be4 Rb8 19.Be3 Qxf3 20.Bxf3 f5 21.d5 Bb7 22.Rad1 Rbd8
23.Bg2 Rd7 24.b3 Bb4 25.d6 Bxg2 26.dxc7 Rxc7 27.Nxb5 axb5 28.Kxg2 c3 29.Rd5 c2
30.Bc1 Rc5 31.Rd7 Ra8 32.a3 Rxa3 33.Bb2 Ra2 34.Bc1 Ra1 35.Rd8+ Kf7 36.Rd7+ Kg6
37.Rd6+ Kh5 38.Rd7 Ba3 39.Bxa3 Rxa3  0-1

[Event "15th Asian Continental"]
[Site "Tashkent UZB"]
[Date "2016.05.28"]
[Round "3.2"]
[White "Wei Yi"]
[Black "Vakhidov,J"]
[Result "1-0"]
[WhiteElo "2694"]
[BlackElo "2578"]

1.e4 e5 2.Nf3 Nc6 3.Bb5 a6 4.Ba4 Nf6 5.O-O Nxe4 6.d4 b5 7.Bb3 d5 8.dxe5 Be6
9.c3 Be7 10.Bc2 Bg4 11.a4 b4 12.Bb3 Be6 13.Nd4 Nxe5 14.Qe2 Bd6 15.f3 Nc5
16.f4 Nxb3 17.Nxb3 Nc6 18.f5 Qh4 19.g3 Qc4 20.Qd1 Bc5+ 21.Kh1 bxc3 22.bxc3 Bd7
23.N3d2 Qd3 24.Rf3 Be3 25.Qe1 O-O 26.Qxe3 Qxe3 27.Rxe3 Bxf5 28.Nf3 Rfe8 29.Kg1 Na5
30.Rxe8+ Rxe8 31.Nbd2 Re2 32.Nd4  1-0

[Event "15th Asian Continental"]
[Site "Tashkent UZB"]
[Date "2016.05.29"]
[Round "4.2"]
[White "Ghaem Maghami,E"]
[Black "Wei Yi"]
[Result "1/2-1/2"]
[WhiteElo "2551"]
[BlackElo "2694"]

1.Nf3 d5 2.d4 Nf6 3.c4 e6 4.g3 Bb4+ 5.Bd2 Be7 6.Bg2 O-O 7.O-O Nbd7 8.Qc2 c6
9.Bf4 b6 10.cxd5 cxd5 11.Rc1 Bb7 12.Qa4 a6 13.Nbd2 Rc8 14.Qd1 Nh5 15.Rxc8 Bxc8
16.Rc1 Nxf4 17.gxf4 Bb7 18.e3 Qb8 19.a3 Rc8 20.Ne5 Rxc1  1/2-1/2

[Event "15th Asian Continental"]
[Site "Tashkent UZB"]
[Date "2016.05.30"]
[Round "5.3"]
[White "Wei Yi"]
[Black "Wen Yang"]
[Result "1/2-1/2"]
[WhiteElo "2694"]
[BlackElo "2611"]

1.e4 e5 2.Nf3 Nc6 3.Bc4 Nf6 4.d4 exd4 5.O-O Nxe4 6.Re1 d5 7.Bxd5 Qxd5 8.Nc3 Qh5
9.Nxe4 Be6 10.Bg5 Bd6 11.Nxd6+ cxd6 12.Bf4  1/2-1/2

[Event "15th Asian Continental"]
[Site "Tashkent UZB"]
[Date "2016.05.31"]
[Round "6.3"]
[White "Wei Yi"]
[Black "Gao Rui"]
[Result "1-0"]
[WhiteElo "2694"]
[BlackElo "2556"]

1.e4 c5 2.Nf3 d6 3.d4 cxd4 4.Nxd4 Nf6 5.Nc3 a6 6.h3 e5 7.Nde2 h5 8.g3 Be6
9.Bg2 b5 10.O-O Nbd7 11.b3 Nc5 12.a3 Be7 13.Be3 Rc8 14.f4 O-O 15.Qe1 Re8
16.Qf2 Rc7 17.Qf3 Qa8 18.Rad1 Bf8 19.f5 Bc8 20.g4 Ncxe4 21.Nxe4 Nxe4 22.Qxe4 Bb7
23.Rd5 Bxd5 24.Qxd5 Qxd5 25.Bxd5 Rxc2 26.Kf2 e4 27.Rd1 Re5 28.Bf4 e3+ 29.Ke1 hxg4
30.hxg4 Be7 31.Bxe5 dxe5 32.b4 Bh4+ 33.Kf1 Kf8 34.Rd3 Bg5 35.Ke1 Ke7 36.Kd1 Rb2
37.Nc3 Bf4 38.Bc6 g6 39.fxg6 fxg6 40.Nd5+ Ke6 41.Nxe3 Kf6 42.Be4 Kg5 43.Nc2 Kxg4
44.Bxg6 Rb1+ 45.Ke2 Rh1 46.Rd1 Rh2+ 47.Kd3 Rh3+ 48.Ke4 Kg5 49.Rg1+ Kf6 50.Bf5 Bg5  1-0

[Event "15th Asian Continental"]
[Site "Tashkent UZB"]
[Date "2016.06.01"]
[Round "7.1"]
[White "Le Quang Liem"]
[Black "Wei Yi"]
[Result "1/2-1/2"]
[WhiteElo "2718"]
[BlackElo "2694"]

1.d4 Nf6 2.c4 e6 3.Nf3 d5 4.Nc3 c6 5.e3 Nbd7 6.Qc2 Bd6 7.Be2 O-O 8.O-O dxc4
9.Bxc4 b5 10.Be2 Bb7 11.e4 e5 12.dxe5 Nxe5 13.Nh4 g6 14.f4 Neg4 15.g3 Bc5+
16.Kh1 Ne3 17.Bxe3 Bxe3 18.Rad1 Qe7 19.Ng2 Bb6 20.e5 Nd5 21.Ne4 Rad8 22.Bf3 Kh8
23.a3 f6 24.exf6 Nxf6 25.Qc3 Rxd1 26.Rxd1 Kg8 27.Qb3+ Kg7 28.Ng5 Bc8 29.Re1 Qc5
30.Qb4 Qxb4 31.axb4 Re8 32.Bxc6 Rxe1+ 33.Nxe1 a6 34.Nd3 h6 35.Nf3 Ng4 36.Nd2 Nf2+
37.Nxf2 Bxf2 38.Ne4  1/2-1/2

[Event "15th Asian Continental"]
[Site "Tashkent UZB"]
[Date "2016.06.02"]
[Round "8.2"]
[White "Kasimdzhanov,R"]
[Black "Wei Yi"]
[Result "0-1"]
[WhiteElo "2703"]
[BlackElo "2694"]

1.e4 e5 2.Nf3 Nc6 3.Bb5 a6 4.Ba4 Nf6 5.O-O Nxe4 6.d4 b5 7.Bb3 d5 8.dxe5 Be6
9.Nbd2 Be7 10.c3 Nc5 11.Bc2 d4 12.Nb3 d3 13.Bb1 Nxb3 14.axb3 Bf5 15.b4 O-O
16.Re1 Qd7 17.Bf4 Rfd8 18.h4 h6 19.Re3 a5 20.bxa5 Rxa5 21.Rxa5 Nxa5 22.Nd4 Nc4
23.Nxf5 Nxe3 24.Nxe3 c5 25.b3 Bxh4 26.c4 Qd4 27.g3 bxc4 28.bxc4 Bg5 29.Nf5 Qc3
30.Bxg5 hxg5 31.Ne3 g6 32.Kg2 Kg7 33.e6 fxe6 34.Qa4 Qd4 35.Qc6 Rd6 36.Qb7+ Rd7
37.Qc6 e5 38.Qe6 e4 39.Qg4 Rb7 40.Qc8 Rf7 41.Qe6 Qf6 42.Qxe4 Qxf2+ 43.Kh3 Qf3
44.Qe5+ Kg8 45.Qe8+ Kh7 46.Ng2 Qh5+ 47.Nh4 Rg7 48.Bxd3 gxh4  0-1

[Event "15th Asian Continental"]
[Site "Tashkent UZB"]
[Date "2016.06.03"]
[Round "9.1"]
[White "Wei Yi"]
[Black "Sethuraman,S"]
[Result "0-1"]
[WhiteElo "2694"]
[BlackElo "2647"]

1.d4 d5 2.c4 c6 3.e3 Nf6 4.Nc3 e6 5.Nf3 Nbd7 6.Qc2 Bd6 7.g4 Nxg4 8.Rg1 Qf6
9.Rxg4 Qxf3 10.Rxg7 Nf6 11.Rg5 Qh1 12.Bd2 Bd7 13.O-O-O Qxh2 14.f4 Rg8 15.Bd3 O-O-O
16.cxd5 exd5 17.Nb5 Bb8 18.Qc5 b6 19.Nxa7+ Kb7 20.Qe7 Qh6 21.Nxc6 Kxc6 22.Kb1 Kb7
23.Rc1 Bc7 24.Rf5 Ne4 25.Bxe4 dxe4 26.Rf6 Rg6 27.Rxf7 Rc6 28.Rxh7 Rxc1+ 29.Bxc1 Qc6
30.Rh2 Rc8 31.Rh7 Be6 32.b3 Kb8 33.Kb2 Bf5 34.Rf7 Be6 35.Rh7 Rg8 36.Rg7 Re8
37.Qb4 Rh8 38.Qc3 Rh2+ 39.Bd2 Qxc3+ 40.Kxc3 b5 41.a3 Ba5+ 42.b4 Bc7 43.Rg6 Bd5
44.Rg5 Bc4 45.Rg1 Bd3 46.Ra1 Bd6 47.Rg1 Kc7 48.Rg7+ Kc6 49.Rg1 Rf2 50.Rh1 Rg2
51.Ra1 Kd5 52.Rh1 Be7 53.Ra1 Rh2 54.Rg1 Ke6 55.Ra1 Rh8 56.Kb2 Kf5 57.a4 bxa4
58.Rxa4 Kg4 59.Ra7 Bh4 60.Rb7 Kf3 61.b5 Rh5 62.b6 Rb5+ 63.Ka3 Bd8 64.f5 Rxf5
65.Bb4 Kxe3 66.Bc5 Rf1 67.Rb8 Ra1+ 68.Kb2 Rb1+ 69.Ka3 Bg5 70.d5+ Ke2 71.Bb4 Bc1+
72.Ka4 Bd2 73.Bxd2 Kxd2 74.b7 e3  0-1

[Event "9th Masters Final 2016"]
[Site "Bilbao ESP"]
[Date "2016.07.13"]
[Round "1.3"]
[White "Giri,A"]
[Black "Wei Yi"]
[Result "1/2-1/2"]
[WhiteElo "2785"]
[BlackElo "2696"]

1.e4 e5 2.Nf3 Nc6 3.Bc4 Bc5 4.O-O Nf6 5.d3 d6 6.c3 a6 7.a4 h6 8.Nbd2 O-O
9.Re1 Ne7 10.Nf1 Ng6 11.Bb3 c6 12.h3 d5 13.exd5 Nxd5 14.Nxe5 Bxf2+ 15.Kxf2 Nxe5
16.d4 Ng6 17.Kg1 Qh4 18.Bd2 Bd7 19.Qf3 Rae8 20.Ng3 Re6 21.Nh5 Rfe8 22.Rf1 Qe7
23.Qg3 Re2 24.Rae1 Rxe1 25.Rxe1 Qh4 26.Rxe8+ Bxe8 27.Qxh4 Nxh4 28.c4 Ne7
29.Kf2 Nhf5 30.d5 Nd4 31.Ba2 cxd5 32.cxd5 Bxa4 33.Bc3 Bb3 34.d6 Nec6 35.Bxd4 Bxa2
36.Bxg7 Kh7 37.Bc3 Be6 38.Nf6+ Kg6 39.d7 a5 40.g4 b5 41.h4 b4 42.Be5 a4 43.h5+ Kg7
44.Ne4+ Kh7 45.Bd6 f5 46.Nc5 a3 47.bxa3 b3 48.Be5 Bxd7 49.Bc3 Bc8 50.Nxb3 fxg4
51.Kg3 Ne7 52.Nc5 Nf5+ 53.Kxg4 Nd4+ 54.Kh4 Nf5+ 55.Kh3 Ng7+ 56.Kh4 Nf5+ 57.Kh3 Ng7+  1/2-1/2

[Event "9th Masters Final 2016"]
[Site "Bilbao ESP"]
[Date "2016.07.14"]
[Round "2.2"]
[White "Wei Yi"]
[Black "Carlsen,M"]
[Result "0-1"]
[WhiteElo "2696"]
[BlackElo "2855"]

1.d4 g6 2.e4 Bg7 3.Nc3 d6 4.Be3 a6 5.f4 b5 6.Nf3 Nd7 7.e5 Bb7 8.Bd3 c5 9.Be4 Bxe4
10.Nxe4 Nh6 11.dxc5 dxe5 12.c6 Nf6 13.Qxd8+ Rxd8 14.Nxf6+ exf6 15.c7 Rc8
16.Bb6 Kd7 17.Ba5 Nf5 18.O-O-O+ Kc6 19.Rd8 Nd6 20.fxe5 fxe5 21.Rd1 Nc4 22.Bc3 Rxc7
23.b3 Ne3 24.Bxe5 Nxd1 25.Rd6+ Kb7 26.Bxg7 Rg8 27.Bd4 Nc3 28.Rb6+ Kc8 29.Be5 Rd8
30.Kb2 Nd5 31.Bxc7 Kxc7 32.Rxa6 Kb7 33.Ra3 Ne3 34.c4 bxc4 35.Ne5 Rd2+ 36.Kc3 Rc2+
37.Kd4 Nf5+ 38.Kd5 c3 39.Kc5 Nd6 40.Nc6 Ne4+ 41.Kb5 Kc7 42.Ra7+ Kd6 43.Ra4 f5
44.Kb6 Rxg2 45.Rd4+ Ke6 46.a4 Ra2 47.a5 Rb2 48.Kc7 Nc5 49.Rc4 Na6+ 50.Kb6 Rxb3+
51.Kxa6 Kd5 52.Rb4 c2 53.Ne7+ Kc5 54.Rxb3 c1=Q 55.Rb6 Qc4+ 56.Kb7 Qe4+ 57.Nc6 Qd5
58.Kc7 Qd6+ 59.Kb7 Qd7+ 60.Kb8 f4  0-1

[Event "9th Masters Final 2016"]
[Site "Bilbao ESP"]
[Date "2016.07.16"]
[Round "4.1"]
[White "Wei Yi"]
[Black "Karjakin,Sergey"]
[Result "1/2-1/2"]
[WhiteElo "2696"]
[BlackElo "2773"]

1.d4 Nf6 2.c4 e6 3.g3 Bb4+ 4.Nd2 c5 5.a3 Bxd2+ 6.Qxd2 cxd4 7.Nf3 b6 8.Bg2 Bb7
9.O-O Bxf3 10.exf3 Nc6 11.f4 O-O 12.b4 Rc8 13.Bb2 d6 14.Bxc6 Rxc6 15.Qxd4 Qc7
16.Rfc1 Rc8 17.b5 Rc5 18.a4 Ne8 19.Qe3 Qb7 20.Qd3 Qc7 21.Qe3 Qb7 22.Qd3 Qc7
23.Qe3  1/2-1/2

[Event "9th Masters Final 2016"]
[Site "Bilbao ESP"]
[Date "2016.07.17"]
[Round "5.3"]
[White "So,W"]
[Black "Wei Yi"]
[Result "1/2-1/2"]
[WhiteElo "2770"]
[BlackElo "2696"]

1.e4 e5 2.Nf3 Nf6 3.Nxe5 d6 4.Nf3 Nxe4 5.Nc3 Nxc3 6.dxc3 Nc6 7.Bf4 Be7 8.Qd2 Be6
9.O-O-O Qd7 10.h3 Bf6 11.g4 h6 12.Bg2 O-O-O 13.b3 Rde8 14.Rhe1 Kb8 15.Be3 a6
16.Ng1 g5 17.Ne2 h5 18.f3 Qe7 19.Ng3 d5 20.Kb2 Rd8 21.Ne2 Rhe8 22.Nd4 Nxd4
23.cxd4 Rg8 24.Bf1 Qd6 25.f4 hxg4 26.fxg5 Be7 27.hxg4 Bxg4 28.Be2 Bxe2 29.Rxe2 f6
30.gxf6 Bxf6 31.Bf4 Qd7 32.Rde1 Qg7 33.Kb1 Bg5 34.Bxg5 Qxg5 35.Qb4 Rg6 36.Re5 Qh4
37.Re8 Rd6 38.R1e7 Rxe8 39.Rxe8+ Rd8 40.Re6 b6 41.a4 a5 42.Qc3 Rg8 43.Ka2 Qh7
44.Qc6 Rd8 45.b4 axb4 46.a5 Qd7 47.axb6 Qxc6 48.Rxc6 cxb6 49.Rxb6+ Kc7 50.Rxb4 Rh8
51.Rb5 Kc6 52.Rc5+ Kd6 53.Kb3 Rh4 54.c3 Rh8 55.Kb4 Rb8+ 56.Rb5 Rc8 57.Rb6+ Kd7
58.Kb3 Ke7 59.Rh6 Kd7 60.Kb4 Rc4+ 61.Kb3 Rc8 62.Kc2 Rg8 63.Rh3 Kd6 64.Kd3 Rc8
65.Ke2 Kd7 66.Re3 Kd6 67.Kf3 Rf8+ 68.Kg4 Rg8+ 69.Kf5 Rf8+ 70.Kg4 Rg8+ 71.Kf4 Rf8+
72.Kg4 Rg8+ 73.Kf4 Rb8  1/2-1/2

[Event "9th Masters Final 2016"]
[Site "Bilbao ESP"]
[Date "2016.07.19"]
[Round "6.1"]
[White "Wei Yi"]
[Black "Giri,A"]
[Result "1-0"]
[WhiteElo "2696"]
[BlackElo "2785"]

1.e4 e5 2.Nf3 Nc6 3.Bb5 Nf6 4.O-O Nxe4 5.d4 Nd6 6.Bxc6 dxc6 7.dxe5 Nf5 8.Qxd8+ Kxd8
9.h3 h5 10.Nc3 Be7 11.Bf4 Be6 12.Rad1+ Kc8 13.Ng5 Bxg5 14.Bxg5 b6 15.g4 hxg4
16.hxg4 Nh4 17.Bxh4 Rxh4 18.f3 Kb7 19.Kg2 Rah8 20.Rh1 Rxh1 21.Rxh1 Rxh1 22.Kxh1 c5
23.Kg2 Kc6 24.a4 a6 25.Kg3 b5 26.axb5+ axb5 27.f4 b4 28.Ne4 Ba2 29.Nd2 Kd5
30.c3 bxc3 31.bxc3 g5 32.Kf3 Ke6 33.c4 gxf4 34.Kxf4 f6 35.exf6 Kxf6 36.g5+ Kg6
37.Kg4 Kh7 38.g6+ Kg7 39.Kg5 c6 40.Kh5 Kg8 41.Kh6  1-0

[Event "9th Masters Final 2016"]
[Site "Bilbao ESP"]
[Date "2016.07.20"]
[Round "7.2"]
[White "Carlsen,M"]
[Black "Wei Yi"]
[Result "1/2-1/2"]
[WhiteElo "2855"]
[BlackElo "2696"]

1.Nf3 d5 2.g3 g6 3.Bg2 Bg7 4.O-O Nf6 5.c4 O-O 6.cxd5 Nxd5 7.d4 Nb6 8.Nc3 Nc6
9.d5 Na5 10.e4 c6 11.Bf4 Nac4 12.Qe2 cxd5 13.exd5 Bg4 14.h3 Bxf3 15.Bxf3 Nd6
16.Rfe1 Re8 17.Rac1 a6 18.b3 Rc8 19.Qd2 Nd7 20.Na4 Rxc1 21.Qxc1 Bd4 22.Qd2 Bg7
23.h4 h5 24.Nb2 Nb5 25.Re3 Nd4 26.Bg2 e5 27.dxe6 Nxe6 28.Nc4 Nxf4 29.Rxe8+ Qxe8
30.Qxf4 b5 31.Ne3 Qe5 32.Qxe5 Bxe5 33.b4 Bd6 34.Bb7 Nb8 35.Nd5 Kf8 36.Kg2 Ke8
37.f3 f5 38.Kf2 Kd7 39.Nf4 Kc7 40.Bd5 Bxf4 41.gxf4 Kd6 42.Bf7 Nc6 43.a3 Ne7
44.Ke1 Kd7 45.Kd1 Kd6 46.Kd2 Kd7 47.Kd3 Kd6 48.Kc2 Kd7 49.Kb3 Kd6 50.a4 Nc6
51.axb5 axb5 52.Kc3 Ne7 53.Kd2 Nd5 54.Bxg6 Nxb4 55.Bxh5 Nd5 56.Be8 Nxf4 57.Bxb5 Ke5
58.Bf1 Ng6 59.h5 Nh4 60.Ke2 Nxf3  1/2-1/2

[Event "9th Masters Final 2016"]
[Site "Bilbao ESP"]
[Date "2016.07.22"]
[Round "9.3"]
[White "Wei Yi"]
[Black "So,W"]
[Result "1/2-1/2"]
[WhiteElo "2696"]
[BlackElo "2770"]

1.d4 Nf6 2.c4 e6 3.g3 d5 4.Bg2 Be7 5.Nf3 O-O 6.O-O dxc4 7.Ne5 Nc6 8.Bxc6 bxc6
9.Nxc6 Qe8 10.Nxe7+ Qxe7 11.Na3 Rd8 12.Qc2 Ba6 13.Nxc4 c5 14.dxc5 Qxc5 15.b3 Bxc4
16.Bb2 Rac8 17.Bxf6 gxf6 18.Rfc1 Qe5 19.bxc4 Rd4 20.Rab1 Rdxc4 21.Qxc4 Rxc4
22.Rxc4 Qxe2 23.Ra4 a6 24.Kg2 Qe5 25.Rd1 h5 26.Rd3 Qb5 27.Raa3 Qc6+ 28.Kg1 Qc1+
29.Kg2 Qc6+ 30.Kg1 Qc1+ 31.Kg2  1/2-1/2

[Event "9th Masters Final 2016"]
[Site "Bilbao ESP"]
[Date "2016.07.23"]
[Round "10.1"]
[White "Karjakin,Sergey"]
[Black "Wei Yi"]
[Result "1/2-1/2"]
[WhiteElo "2773"]
[BlackElo "2696"]

1.Nf3 d5 2.d4 Nf6 3.Bf4 Bf5 4.e3 e6 5.c4 Bxb1 6.Rxb1 Bb4+ 7.Ke2 dxc4 8.Qa4+ Nc6
9.Ne5 Nd5 10.Nxc6 Qd7 11.Rc1 bxc6 12.Rxc4 Rb8 13.Qxc6 Nxf4+ 14.exf4 Bd6 15.b3 Bxf4
16.Qxd7+ Kxd7 17.d5 Bd6 18.dxe6+ Kxe6 19.Ra4 Kf6 20.Kf3 Rb4 21.Rxb4 Bxb4
22.Bd3 Rd8 23.Ke2 Re8+ 24.Kf3 Rd8 25.Ke2 Re8+ 26.Kf3 Rd8  1/2-1/2

[Event "CHN Team Men 2016"]
[Site "Wuxi CHN"]
[Date "2016.07.28"]
[Round "1.3"]
[White "Wei Yi"]
[Black "Ma,Zhonghan"]
[Result "1-0"]
[WhiteElo "2696"]
[BlackElo "2461"]

1.e4 e5 2.Nf3 Nf6 3.Nxe5 d6 4.Nf3 Nxe4 5.Nc3 Nxc3 6.dxc3 Be7 7.Be3 Nc6 8.Bd3 Be6
9.Qe2 Qd7 10.O-O-O O-O 11.h3 Rae8 12.Kb1 Bf5 13.g4 Bxd3 14.Qxd3 Bd8 15.c4 Qe6
16.Qb3 Na5 17.Qc3 Nc6 18.Rhe1 Bf6 19.Qb3 Qc8 20.Qd3 g6 21.Nd2 Bg7 22.f4 Qe6
23.Nf3 Qe4 24.Qf1 Na5 25.Bd2  1-0

[Event "CHN Team Men 2016"]
[Site "Wuxi CHN"]
[Date "2016.07.29"]
[Round "2.2"]
[White "Wang,Yiye"]
[Black "Wei Yi"]
[Result "0-1"]
[WhiteElo "2450"]
[BlackElo "2696"]

1.e4 e5 2.Nf3 Nc6 3.Bc4 Nf6 4.d4 exd4 5.e5 Ne4 6.O-O Be7 7.Re1 d5 8.exd6 Nxd6
9.Bd5 O-O 10.Bxc6 bxc6 11.Nxd4 Qd7 12.Nc3 Bf6 13.Nb3 Qf5 14.Qd3 Qh5 15.Ne4 Nxe4
16.Qxe4 Be6 17.Qxc6 Bd5 18.Qc5 Be5 19.h3 Rae8 20.Bd2 Re6 21.c4 Ba8 22.Bf4 Qg6
23.Bg3 Rfe8 24.Re3 h5 25.h4 f5 26.Rae1 f4 27.Rxe5 fxg3 28.Rxe6 Rxe6 29.Rd1 Qd3
30.Rf1 Qe4  0-1

[Event "CHN Team Men 2016"]
[Site "Wuxi CHN"]
[Date "2016.07.29"]
[Round "3.1"]
[White "Wei Yi"]
[Black "Zhou Jianchao"]
[Result "1/2-1/2"]
[WhiteElo "2696"]
[BlackElo "2620"]

1.d4 d5 2.Nf3 Nf6 3.Bf4 c5 4.e3 cxd4 5.exd4 Nc6 6.c3 Bg4 7.Nbd2 e6 8.Qb3 Qc8
9.Bd3 Be7 10.O-O Bh5 11.Ne5 Nxe5 12.Bxe5 O-O 13.Rac1 Bg6 14.Bxg6 hxg6 15.c4 Qd7
16.c5 Rfc8 17.Qd3 a5 18.Rc3 Qc6 19.Rfc1 Ne4 20.Nxe4 dxe4 21.Qc4 Bf6 22.Rb3 Bxe5
23.dxe5 Rc7 24.Rb6 Qxb6 25.cxb6 Rxc4 26.Rxc4 Ra6 27.Rxe4 Rxb6 28.b3 Rc6 29.Rc4 Rxc4
30.bxc4 Kf8 31.Kf1 Ke7 32.Ke2 Kd7 33.Kd3 Kc6 34.a4 Kc5 35.Kc3 Kc6 36.h4 Kc5
37.g3 Kc6 38.Kd4 Kb6 39.g4 Kc6 40.f3 Kb6 41.f4 Kc6 42.g5 b6 43.Ke4 Kc5 44.Kd3 Kc6
45.Kd4 Kd7 46.Ke3 Kc6 47.Ke4 Kc5 48.Kd3 Kc6 49.Kd4 Kd7 50.Ke3 Kc6 51.Ke4  1/2-1/2

[Event "CHN Team Men 2016"]
[Site "Wuxi CHN"]
[Date "2016.07.30"]
[Round "4.2"]
[White "Zeng,C"]
[Black "Wei Yi"]
[Result "0-1"]
[WhiteElo "2552"]
[BlackElo "2696"]

1.d4 Nf6 2.c4 e6 3.Nf3 d5 4.g3 Bb4+ 5.Bd2 Be7 6.Bg2 O-O 7.O-O Nbd7 8.Qc2 c6
9.Bg5 b6 10.Nbd2 h6 11.Bxf6 Nxf6 12.Ne5 Bb7 13.Rfd1 Rc8 14.c5 bxc5 15.dxc5 Qc7
16.f4 a5 17.Nb3 a4 18.Nd4 Nd7 19.Nxd7 Qxd7 20.e4 Ra8 21.Qc3 Qc7 22.b4 axb3
23.axb3 Rxa1 24.Rxa1 dxe4 25.Ra7 Qd7 26.Qc4 Rd8 27.Bxe4 Qxd4+ 28.Qxd4 Rxd4
29.Rxb7 Bxc5 30.Rb8+ Rd8+  0-1

[Event "CHN Team Men 2016"]
[Site "Wuxi CHN"]
[Date "2016.07.31"]
[Round "5.1"]
[White "Wei Yi"]
[Black "Li Chao2"]
[Result "1/2-1/2"]
[WhiteElo "2696"]
[BlackElo "2758"]

1.e4 e5 2.Nf3 Nf6 3.Nxe5 d6 4.Nf3 Nxe4 5.d4 d5 6.Bd3 Be7 7.O-O Nc6 8.c4 Nf6
9.Nc3 O-O 10.cxd5 Nxd5 11.Re1 Be6 12.h3 a6 13.a3 Re8 14.Qc2 h6 15.Bf5 Bxf5
16.Qxf5 Nxc3 17.bxc3 Bd6 18.Bf4 Ne7 19.Qg4 Qc8 20.Qg3 Nf5 21.Qh2 Rxe1+ 22.Rxe1 Bxa3
23.Bxc7 a5 24.Ra1 Bb2 25.Rxa5 Bxc3 26.Rxa8 Qxa8 27.Qe5 Nxd4 28.Nxd4 Qa1+
29.Kh2 Bxd4 30.Qe8+ Kh7 31.Qxf7 Qb1 32.Qf4 Bc5 33.Be5 b6 34.h4 Qc2 35.Qg4 Qg6
36.Qf4 h5 37.f3 Be7 38.Qc4 Qf5 39.Qc7 Qe6 40.Qc2+ Kg8 41.Qc7 Kf7 42.Qb8 Qc6
43.Qh8 Qg6 44.Qb8 Qe6 45.f4 Qc6 46.Qh8 Qg6 47.Qb8 Bxh4 48.Qb7+ Kg8 49.f5 Qf7
50.Qxb6 Qxf5 51.Qd4 Bf6 52.Bxf6 gxf6 53.Qd8+ Kf7 54.Qh8 Qf4+ 55.Kh1 Qg4 56.Kh2 Qf4+
57.Kh3 Qf5+ 58.Kh2 Kg6 59.Qe8+ Kh6 60.Qf8+ Kg5 61.Qg8+ Qg6 62.Qd5+ Kh6 63.Qd8 h4
64.Qf8+ Kh5 65.Qh8+ Kg5 66.Qb8 Qf5 67.Qg8+ Kh5 68.Qh8+ Kg4 69.Qg8+ Kf4 70.Qc4+ Kg5
71.Qg8+ Qg6 72.Qb8 Qg7 73.g3  1/2-1/2

[Event "CHN Team Men 2016"]
[Site "Wuxi CHN"]
[Date "2016.08.01"]
[Round "6.1"]
[White "Xu,Xiangyu"]
[Black "Wei Yi"]
[Result "1/2-1/2"]
[WhiteElo "2466"]
[BlackElo "2696"]

1.e4 g6 2.Nf3 Bg7 3.d4 d6 4.Nc3 a6 5.Bc4 b5 6.Bb3 b4 7.Nd5 a5 8.c3 Bb7 9.O-O Nf6
10.Nxf6+ exf6 11.Re1 O-O 12.Qd3 a4 13.Bc2 bxc3 14.bxc3 Nd7 15.Qb5 Nb6 16.Ba3 Ba6
17.Qc6 Rb8 18.Rab1 Kh8 19.h3 Kg8 20.Kh2 Kh8 21.Kg1 Kg8 22.Kh2 Kh8 23.Kh1 Kg8  1/2-1/2

[Event "CHN Team Men 2016"]
[Site "Wuxi CHN"]
[Date "2016.08.02"]
[Round "7.1"]
[White "Wei Yi"]
[Black "Dai,Changren"]
[Result "1-0"]
[WhiteElo "2696"]
[BlackElo "2351"]

1.e4 c5 2.Nf3 Nc6 3.Nc3 Nf6 4.d4 cxd4 5.Nxd4 d6 6.Bg5 Bd7 7.Qd2 Rc8 8.f4 h6
9.Bxf6 gxf6 10.Nf5 Qa5 11.Bb5 a6 12.Bd3 Nb4 13.a3 e6 14.Ne3 Nxd3+ 15.cxd3 b5
16.O-O Qb6 17.d4 Be7 18.f5 a5 19.Kh1 b4 20.axb4 axb4 21.Ne2 Qb7 22.fxe6 fxe6
23.d5 e5 24.Ng3 h5 25.Ngf5 Bf8 26.Qf2 Bb5 27.Nxd6+ Bxd6 28.Qxf6 Rf8 29.Qg6+ Kd7
30.Qe6+ Kc7 31.Rfc1+  1-0

[Event "CHN Team Men 2016"]
[Site "Wuxi CHN"]
[Date "2016.08.03"]
[Round "8.1"]
[White "Bu Xiangzhi"]
[Black "Wei Yi"]
[Result "1/2-1/2"]
[WhiteElo "2723"]
[BlackElo "2696"]

1.Nf3 d5 2.d4 Nf6 3.c4 e6 4.Nc3 c6 5.cxd5 exd5 6.Bg5 Be7 7.Qc2 g6 8.e3 Bf5
9.Bd3 Bxd3 10.Qxd3 Nbd7 11.O-O O-O 12.h3 Re8 13.Bf4 Bf8 14.Ne5 Bg7 15.Bh2 Nxe5
16.Bxe5 Ne4 17.Bxg7 Kxg7 18.Nxe4 Rxe4 19.b4 a6 20.a4 Qd6 21.b5 c5 22.dxc5 Qxc5
23.bxa6 Rxa6 24.Rfb1 Raxa4 25.Rxa4 Rxa4 26.Rxb7 d4 27.exd4 Qc1+ 28.Kh2 Qf4+
29.Qg3 Qxg3+ 30.Kxg3 Rxd4 31.Kf3 Rc4 32.Kg3 Rd4 33.Kf3 Rc4 34.Kg3 Rd4  1/2-1/2